[Event "AUTO-ELITE-2302"]
[Site "http://www.queenalice.com/game.php?id=1640092"]
[Date "2021.1.16"]
[Round "1"]
[White "popcorn"]
[Black "CCapivara"]
[Result "0-1"]
[WhiteElo "2265"]
[BlackElo "2209"]

1. d4 d6 2. Nf3 Nf6 3. c4 c6 4. Nc3 Bg4 5. e4 Nbd7 6. Be2 e5 7. O-O Be7 8. Be3
O-O 9. Nd2 Bxe2 10. Qxe2 a6 11. d5 cxd5 12. cxd5 Rc8 13. Rfc1 b5 14. f3 Nb6 15.
b3 Nfd7 16. a4 b4 17. Na2 a5 18. Qb5 Bg5 19. Bxg5 Qxg5 20. Nf1 Rxc1 21. Rxc1 f5
22. Qxa5 fxe4 23. fxe4 Qf4 0-1

[Event "AUTO-ELITE-2302"]
[Site "http://www.queenalice.com/game.php?id=1640095"]
[Date "2021.1.16"]
[Round "1"]
[White "Rhavstur"]
[Black "popcorn"]
[Result "1-0"]
[WhiteElo "2556"]
[BlackElo "2209"]

1. Nf3 d5 2. g3 Nf6 3. Bg2 c6 4. d3 Bg4 5. h3 Bh5 6. O-O e6 7. Nbd2 Nbd7 8. e4
dxe4 9. dxe4 Bc5 10. Qe1 O-O 11. Nb3 Bb6 12. a4 a6 13. a5 Ba7 14. Bf4 Qe7 15.
Nh4 Bg6 16. Rd1 e5 17. Bd2 Rfd8 18. Bb4 Qe8 19. Ba3 Nf8 20. Nxg6 Nxg6 21. Qc3
Rxd1 22. Rxd1 Rd8 23. Rxd8 Qxd8 24. Bf3 Qc7 25. Qd3 Qd7 26. Qxd7 Nxd7 27. Bg4
Nf6 28. Bf5 Nf8 29. Bc5 Bb8 30. Bc8 Nxe4 31. Bxb7 1-0

[Event "AUTO-ELITE-2302"]
[Site "http://www.queenalice.com/game.php?id=1640096"]
[Date "2021.1.16"]
[Round "1"]
[White "popcorn"]
[Black "Rhavstur"]
[Result "0-1"]
[WhiteElo "2218"]
[BlackElo "2555"]

1. d4 Nf6 2. c4 g6 3. Nc3 Bg7 4. e4 O-O 5. f3 d6 6. Be3 c5 7. dxc5 dxc5 8. Qxd8
Rxd8 9. Bxc5 Nc6 10. Nd5 e6 11. Ne7+ Nxe7 12. Bxe7 Rd7 13. Ba3 b6 14. Nh3 Ba6
15. Rd1 Rad8 16. Rxd7 Nxd7 17. b3 Nc5 18. Bb4 Bb7 19. Nf2 a5 20. Bd2 f5 21. exf5
exf5 22. Be2 Bf6 23. Nh3 a4 24. b4 Nd3+ 25. Kf1 Nf2 26. Kxf2 Rxd2 27. a3 Bd4+
28. Ke1 Ra2 29. Rf1 Rxa3 30. Kd2 Rb3 0-1

[Event "AUTO-ELITE-2305"]
[Site "http://www.queenalice.com/game.php?id=1641302"]
[Date "2021.1.24"]
[Round "1"]
[White "Donidon"]
[Black "popcorn"]
[Result "1-0"]
[WhiteElo "2362"]
[BlackElo "2226"]

1. e4 e5 2. f4 exf4 3. Nf3 Be7 4. Bc4 Nf6 5. d3 d5 6. exd5 Nxd5 7. O-O g5 8. Qe2
Be6 9. Bxd5 Qxd5 10. Nc3 Qd8 11. Qe4 Nc6 12. d4 Nb4 13. Bd2 Nd5 14. Rae1 c6 15.
Na4 O-O 16. Nc5 Bxc5 17. dxc5 Re8 18. c4 Nf6 19. Qe5 h6 20. Nxg5 hxg5 21. Qxg5+
1-0

[Event "AUTO-ELITE-2305"]
[Site "http://www.queenalice.com/game.php?id=1641303"]
[Date "2021.1.24"]
[Round "1"]
[White "popcorn"]
[Black "Donidon"]
[Result "0-1"]
[WhiteElo "2216"]
[BlackElo "2367"]

1. d4 Nf6 2. c4 d5 3. cxd5 Nxd5 4. Nf3 g6 5. e4 Nb6 6. Nc3 Bg7 7. Be3 O-O 8. Be2
c6 9. O-O Be6 10. Ng5 Bd7 11. f4 e6 12. Qb3 Be8 13. Rad1 N8d7 14. f5 exf5 15.
exf5 Qe7 16. Bc1 Nf6 17. fxg6 hxg6 18. Rde1 Qd6 19. Rd1 Bd7 20. Bf4 Qe7 21. Bd3
Nfd5 22. Rde1 Qb4 23. Nxd5 Nxd5 24. Qxb4 Nxb4 25. Bb1 Nd5 26. Bd6 Bxd4+ 27. Kh1
Rfe8 0-1

[Event "AUTO-OPEN-4253"]
[Site "http://www.queenalice.com/game.php?id=1641752"]
[Date "2021.1.28"]
[Round "1"]
[White "Dangermouse"]
[Black "popcorn"]
[Result "1-0"]
[WhiteElo "1779"]
[BlackElo "2272"]

1. d4 Nf6 2. c4 g6 3. Nf3 Bg7 4. e3 d5 5. Be2 O-O 6. O-O c6 7. Nc3 Re8 8. b3
Nbd7 9. cxd5 cxd5 10. Bb2 a6 11. a4 b6 12. b4 Bb7 13. b5 a5 14. Rc1 Rc8 15. Qb3
e6 16. Ba3 Ne4 17. Nxe4 dxe4 18. Rxc8 Qxc8 19. Nd2 Bd5 20. Bc4 Nf6 21. Bxd5 exd5
22. Rc1 Qb7 23. Qc3 1-0

[Event "AUTO-OPEN-4253"]
[Site "http://www.queenalice.com/game.php?id=1641753"]
[Date "2021.1.28"]
[Round "1"]
[White "popcorn"]
[Black "Dangermouse"]
[Result "0-1"]
[WhiteElo "2249"]
[BlackElo "1856"]

1. d4 d5 2. c4 e6 3. Nc3 Nc6 4. Nf3 Bb4 5. e3 Nf6 6. Bd3 O-O 7. O-O a6 8. Bd2
dxc4 9. Bxc4 b5 10. Be2 Bd6 11. Rc1 Bb7 12. Re1 e5 13. d5 Ne7 14. e4 b4 15. Na4
Nxe4 16. Bc4 Nxd2 17. Qxd2 e4 18. Rxe4 Nxd5 19. Bxd5 Bxd5 20. Rd4 Bxf3 21. gxf3
Qf6 0-1

[Event "AUTO-OPEN-4253"]
[Site "http://www.queenalice.com/game.php?id=1641780"]
[Date "2021.1.28"]
[Round "1"]
[White "CleitonNog1986"]
[Black "popcorn"]
[Result "1/2-1/2"]
[WhiteElo "1267"]
[BlackElo "2222"]

1. d4 Nf6 2. Nf3 d5 3. c4 c6 4. cxd5 cxd5 5. Nc3 g6 6. e3 Bg7 7. Bd3 O-O 8. O-O
Nc6 9. h3 Bd7 10. a3 Rc8 11. Bd2 e6 12. Rc1 Re8 13. b4 Bf8 14. Qe1 Bd6 15. e4 e5
16. dxe5 Nxe5 17. Nxe5 Bxe5 18. Kh1 dxe4 19. Nxe4 Nxe4 20. Bxe4 Bb5 21. Rxc8
Qxc8 22. Rg1 Bb2 23. Qe3 Bc6 24. Qb3 Rxe4 1/2-1/2

[Event "AUTO-OPEN-4253"]
[Site "http://www.queenalice.com/game.php?id=1641781"]
[Date "2021.1.28"]
[Round "1"]
[White "popcorn"]
[Black "CleitonNog1986"]
[Result "1/2-1/2"]
[WhiteElo "2211"]
[BlackElo "1281"]

1. d4 Nf6 2. c4 e6 3. Nf3 d5 4. Nc3 Bb4 5. e3 O-O 6. Bd3 h6 7. O-O Nc6 8. a3 Be7
9. Re1 Re8 10. b4 a6 11. Bb2 b6 12. Nd2 Bb7 13. c5 Rc8 14. Qb3 e5 15. Ne2 Ne4
16. Bxe4 dxe4 17. Nc4 b5 18. Nd2 exd4 19. Nxd4 Bf6 20. Rad1 Nxd4 21. Bxd4 Bd5
22. Qb2 c6 23. Bxf6 Qxf6 24. Qxf6 gxf6 25. Nb1 Bc4 26. Nc3 1/2-1/2

[Event "AUTO-OPEN-4253"]
[Site "http://www.queenalice.com/game.php?id=1641798"]
[Date "2021.1.28"]
[Round "1"]
[White "CCapivara"]
[Black "popcorn"]
[Result "0-1"]
[WhiteElo "2206"]
[BlackElo "2262"]

1. e4 c5 2. Nf3 d6 3. d4 cxd4 4. Nxd4 Nf6 5. Nc3 a6 6. Bg5 e6 7. f4 Be7 8. Qf3
Nc6 9. O-O-O O-O 10. g4 Qb6 11. Nb3 Rd8 12. h4 Ne8 13. Bd3 f6 14. Kb1 Qc7 15. f5
fxg5 16. hxg5 Bxg5 17. Rh5 Ne5 18. Qh3 h6 19. Rh1 Nf6 20. Rxg5 hxg5 21. Nd4 Qe7
22. fxe6 Bxe6 23. Nd5 Bxd5 24. Nf5 Qf8 25. exd5 Nxd3 26. cxd3 Nxd5 27. Qh7+ Kf7
28. Rf1 Nf6 29. Nh6+ Ke8 30. Qg6+ Kd7 31. Nf7 Re8 32. Rc1 Rac8 33. Qf5+ Ke7 34.
Nxg5 Rxc1+ 35. Kxc1 Rc8+ 36. Kb1 Qg8 0-1

[Event "AUTO-OPEN-4253"]
[Site "http://www.queenalice.com/game.php?id=1641799"]
[Date "2021.1.28"]
[Round "1"]
[White "popcorn"]
[Black "CCapivara"]
[Result "1/2-1/2"]
[WhiteElo "2249"]
[BlackElo "2235"]

1. d4 d6 2. c4 Nf6 3. Nf3 c6 4. Bf4 Bg4 5. Nc3 Nbd7 6. e4 Qa5 7. Bd2 Qb6 8. Qb3
Bxf3 9. Qxb6 axb6 10. gxf3 e5 11. d5 Be7 12. f4 exf4 13. Bxf4 O-O 14. O-O-O cxd5
15. cxd5 Nc5 16. f3 Na4 17. Nb5 Rfd8 18. Kb1 g6 19. Rc1 Nc5 20. Be2 Nh5 21. Be3
Nf6 22. b4 Na6 23. a3 Nd7 24. Bd4 Bf6 25. Rhd1 Bxd4 26. Rxd4 Nf6 27. f4 Kg7 28.
Kb2 Rd7 29. Bf3 Re8 30. Re1 Nc7 31. Nc3 Rde7 32. Rd2 h5 33. Rde2 Na6 34. Nb5 Rd7
35. Rd1 Nc7 36. Nc3 1/2-1/2

[Event "AUTO-OPEN-4234"]
[Site "http://www.queenalice.com/game.php?id=1646799"]
[Date "2021.3.16"]
[Round "2"]
[White "Vedovanera"]
[Black "popcorn"]
[Result "0-1"]
[WhiteElo "2195"]
[BlackElo "2231"]

1. e4 c5 2. Nf3 d6 3. d4 cxd4 4. Nxd4 Nf6 5. Nc3 a6 6. Bd3 Nc6 7. Nxc6 bxc6 8.
O-O g6 9. b3 Bg7 10. Bb2 O-O 0-1

[Event "AUTO-OPEN-4234"]
[Site "http://www.queenalice.com/game.php?id=1646800"]
[Date "2021.3.16"]
[Round "2"]
[White "popcorn"]
[Black "Vedovanera"]
[Result "1-0"]
[WhiteElo "2242"]
[BlackElo "2184"]

1. d4 Nf6 2. c4 e6 3. Nf3 b6 4. g3 Bb7 5. Bg2 Be7 6. O-O O-O 7. Nc3 d5 8. cxd5
Nxd5 9. Re1 Nxc3 10. bxc3 Nd7 11. Qc2 1-0

[Event "AUTO-OPEN-4234"]
[Site "http://www.queenalice.com/game.php?id=1646807"]
[Date "2021.3.16"]
[Round "2"]
[White "popcorn"]
[Black "ivansm"]
[Result "1/2-1/2"]
[WhiteElo "2210"]
[BlackElo "2217"]

1. d4 d6 2. c4 g6 3. Nc3 Bg7 4. e4 Nf6 5. f3 O-O 6. Be3 Nc6 7. Nge2 a6 8. Qd2
Bd7 9. O-O-O b5 10. c5 b4 11. Nd5 a5 12. g4 e6 13. Nxf6+ Qxf6 14. f4 dxc5 15. g5
Qe7 16. e5 cxd4 17. Nxd4 Nxd4 18. Qxd4 Rfd8 19. Qc5 Qxc5+ 20. Bxc5 Bc6 21. Rg1
Rd5 22. Rxd5 Bxd5 23. a3 Bf8 24. Bxf8 Kxf8 25. Bb5 Rb8 26. Ba4 b3 27. Kd2 c5 28.
Kc3 Kg7 29. Rg3 Rb6 30. Rd3 Kf8 31. Rd2 Kg7 32. Rd3 h6 33. h4 h5 34. Rd2 Kf8 35.
Rd3 Ke7 36. Rd2 Kd8 37. Rd1 Rb7 38. Rd2 Kc7 39. Rd1 c4 40. Be8 Kb6 41. Rd2 Kc5
42. Rd1 Re7 1/2-1/2

[Event "AUTO-OPEN-4234"]
[Site "http://www.queenalice.com/game.php?id=1646808"]
[Date "2021.3.16"]
[Round "2"]
[White "ivansm"]
[Black "popcorn"]
[Result "0-1"]
[WhiteElo "2216"]
[BlackElo "2210"]

1. e4 e5 2. Nf3 Nc6 3. Bc4 Nf6 4. Nc3 Be7 5. O-O O-O 6. d4 exd4 7. Nxd4 Nxd4 8.
Qxd4 d6 9. Bg5 Be6 10. f4 Bxc4 11. Qxc4 Ne8 12. Rf3 Kh8 13. Bxe7 Qxe7 14. Rh3
Qe6 15. Qd4 c6 16. f5 Qe7 17. Re1 Nc7 18. Rf1 f6 19. Rf4 Rad8 20. Qd2 d5 21. Qe2
d4 22. Nd1 Kg8 23. Qh5 h6 24. Rfh4 Rf7 25. Qg6 Kf8 26. Rg4 Ke8 27. Rd3 Rd7 28.
a4 c5 29. Nf2 Nd5 30. Nd1 Qe5 31. c3 Nf4 32. Rxf4 Qxf4 33. Nf2 c4 34. Rd1 d3 35.
Qg4 Qxg4 36. Nxg4 Rfe7 37. Nf2 Rd6 38. Kf1 Rb6 39. Rb1 Rb3 40. Ke1 Kd7 41. Kd2
Kc6 42. Ke3 Kc5 43. h3 Rd7 44. Kd2 Rd6 45. Nd1 Ra6 46. Ra1 Ra5 47. Kc1 b5 48.
Ne3 Rxa4 49. Rxa4 bxa4 50. g4 a3 51. bxa3 Rxc3+ 0-1

[Event "AUTO-MASTER-3008"]
[Site "http://www.queenalice.com/game.php?id=1761611"]
[Date "2021.6.7"]
[Round "2"]
[White "CCapivara"]
[Black "popcorn"]
[Result "1-0"]
[WhiteElo "2247"]
[BlackElo "2252"]

1. e4 e5 2. Nf3 Nc6 3. Bb5 a6 4. Bxc6 dxc6 5. O-O f6 6. c3 Be6 7. d4 Bd6 8. dxe5
Bxe5 9. Nxe5 Qxd1 10. Rxd1 Rd8 11. Rxd8+ Kxd8 12. Nd3 1-0

[Event "AUTO-MASTER-3008"]
[Site "http://www.queenalice.com/game.php?id=1761612"]
[Date "2021.6.7"]
[Round "2"]
[White "popcorn"]
[Black "CCapivara"]
[Result "0-1"]
[WhiteElo "2228"]
[BlackElo "2206"]

1. d4 d5 2. c4 e5 3. dxe5 d4 4. Nf3 Nc6 5. g3 Bg4 6. Bg2 Qd7 7. O-O O-O-O 8. Bg5
Be7 9. Bxe7 Ngxe7 10. Qa4 Kb8 11. Rd1 Bxf3 12. Bxf3 Nxe5 13. Qa3 d3 14. Qb3
Nxf3+ 15. exf3 Nc6 16. Nd2 Rhe8 17. Rac1 Re2 18. Ne4 b6 19. Rc3 d2 20. Re3 Nd4
21. Qc3 Rxe3 22. Qxe3 f5 23. Nc3 Qc6 0-1

[Event "AUTO-MASTER-3008"]
[Site "http://www.queenalice.com/game.php?id=1761615"]
[Date "2021.6.7"]
[Round "2"]
[White "LOMBARDY"]
[Black "popcorn"]
[Result "1-0"]
[WhiteElo "2267"]
[BlackElo "2215"]

1. e4 e5 2. Nf3 Nc6 3. Bb5 a6 4. Ba4 Nf6 5. O-O Be7 6. Re1 b5 7. Bb3 d6 8. h3
O-O 9. c3 Nb8 10. d4 Nbd7 11. Nbd2 Bb7 12. Bc2 Re8 13. Nf1 Bf8 14. Ng3 g6 15. a4
Bg7 16. b4 c5 17. d5 cxb4 18. cxb4 Nb6 19. axb5 axb5 20. Rxa8 Qxa8 21. Bd3 Qa4
22. Qe2 Qxb4 23. Bxb5 Ra8 24. Bd2 Qc5 25. Rc1 Qa3 26. Rc7 1-0

[Event "AUTO-MASTER-3008"]
[Site "http://www.queenalice.com/game.php?id=1761616"]
[Date "2021.6.7"]
[Round "2"]
[White "popcorn"]
[Black "LOMBARDY"]
[Result "0-1"]
[WhiteElo "2240"]
[BlackElo "2233"]

1. d4 Nf6 2. c4 g6 3. Nc3 Bg7 4. e4 d6 5. f3 O-O 6. Be3 c6 7. Nge2 a6 8. Qd2 e5
9. Bh6 exd4 10. Nxd4 b5 11. Bxg7 Kxg7 12. O-O-O b4 13. Na4 c5 14. Ne2 Qa5 15. b3
Bd7 16. Qxd6 Bxa4 17. bxa4 Qxa4 18. Qxc5 Nc6 19. Qe3 Qxa2 0-1

[Event "AUTO-MASTER-3008"]
[Site "http://www.queenalice.com/game.php?id=1761617"]
[Date "2021.6.7"]
[Round "2"]
[White "Scharlatan"]
[Black "popcorn"]
[Result "1-0"]
[WhiteElo "2202"]
[BlackElo "2183"]

1. d4 Nf6 2. c4 g6 3. Nc3 Bg7 4. e4 d6 5. Nf3 O-O 6. Be2 e5 7. Be3 Nc6 8. d5 Ne7
9. Nd2 Ne8 10. O-O f5 11. f3 f4 12. Bf2 Nf6 13. b4 g5 14. c5 h5 15. Nc4 Ng6 16.
cxd6 cxd6 17. Nb5 Ne8 18. Bxa7 1-0

[Event "AUTO-MASTER-3008"]
[Site "http://www.queenalice.com/game.php?id=1761618"]
[Date "2021.6.7"]
[Round "2"]
[White "popcorn"]
[Black "Scharlatan"]
[Result "1-0"]
[WhiteElo "2172"]
[BlackElo "1718"]

1. d4 d5 2. c4 e6 3. Nc3 Be7 4. Nf3 Nf6 5. Bg5 h6 6. Bh4 O-O 7. e3 Nbd7 8. Rc1
c5 9. Bd3 dxc4 10. Bxc4 cxd4 11. exd4 a6 12. O-O Nb6 13. Bb3 Bd7 14. Ne5 Rc8 15.
Qf3 Nbd5 16. Rfd1 b5 17. Nxd5 Nxd5 18. Bxe7 Nxe7 19. Rc3 Rxc3 20. bxc3 Nf5 21.
Nxd7 Qxd7 22. Qe4 Nd6 23. Qd3 1-0

[Event "AUTO-OPEN-4234"]
[Site "http://www.queenalice.com/game.php?id=1764680"]
[Date "2021.7.18"]
[Round "3"]
[White "popcorn"]
[Black "arniecoruja"]
[Result "0-1"]
[WhiteElo "2205"]
[BlackElo "1887"]

1. d4 d5 2. c4 e6 3. Nc3 c6 4. Nf3 Bd6 5. e3 f5 6. Bd3 Nf6 7. O-O O-O 8. Re1 Ne4
9. Qe2 Rf6 10. Nd2 Bxh2+ 11. Kxh2 Rh6+ 12. Kg1 Qh4 13. Nf3 Qh1# 0-1

[Event "AUTO-OPEN-4234"]
[Site "http://www.queenalice.com/game.php?id=1764681"]
[Date "2021.7.18"]
[Round "3"]
[White "arniecoruja"]
[Black "popcorn"]
[Result "0-1"]
[WhiteElo "1917"]
[BlackElo "2173"]

1. d4 Nf6 2. e3 d5 3. f4 c5 4. c3 Bg4 5. Nf3 e6 6. Bd3 Nc6 7. O-O Be7 8. Qe1 O-O
9. Qg3 Bf5 10. Bxf5 exf5 11. Qh3 g6 12. Bd2 Ne4 13. Be1 f6 14. Nbd2 cxd4 15.
exd4 Bd6 16. Bg3 Kg7 17. Qh4 Qe8 18. Rae1 h6 19. Re2 g5 20. fxg5 fxg5 21. Nxg5
Bxg3 22. Qxg3 hxg5 23. Nxe4 dxe4 24. Qxg5+ Qg6 25. Qxg6+ Kxg6 26. Ref2 Rf7 27.
g4 Raf8 28. Rxf5 Rxf5 29. Rxf5 Rxf5 30. gxf5+ Kxf5 31. h4 Kg4 32. Kf2 Kxh4 33.
Ke3 Kg5 34. Kxe4 Kf6 35. Kd5 Ke7 36. b4 Kd7 37. a4 Nd8 38. c4 Nc6 39. Kc5 b6+
40. Kb5 Nxd4+ 41. Ka6 Nc6 42. b5 Na5 43. Kxa7 Kc7 44. c5 bxc5 45. b6+ Kc6 46.
Ka6 Nb7 0-1